Statystyki dla Kawałek flagi

Kliknij tutaj aby rozwiązać quiz!

Ogólne statystyki

  • Ten quiz został rozwiązany 303 razy
    (257 od ostatniego zresetowania)
  • Średni wynik to 19 z 24

Statystyki odpowiedzi

Odpowiedź% Poprawnych
Brazylia
99%
Kanada
99%
Stany Zjednoczone
99%
Korea Południowa
98%
Kazachstan
94%
Białoruś
93%
Izrael
93%
Serbia
93%
Meksyk
91%
Bośnia i Hercegowina
89%
Czarnogóra
89%
Nowa Zelandia
87%
Filipiny
80%
Kenia
78%
Mongolia
76%
Uzbekistan
75%
Australia
70%
Demokratyczna Republika Konga
70%
Zambia
70%
Papua-Nowa Gwinea
65%
Gruzja
50%
Malawi
49%
Namibia
47%
Wojwodina
6%

Rozkład punktacji

Percentyl według liczby udzielonych odpowiedzi

Procent ludzi z każdym wynikiem

Twoja historia wyników

Nie rozwiązałeś tego quizu od ostatniego zresetowania